| 000 | 01039cab a2200253 4500 | ||
|---|---|---|---|
| 001 | ABS41901 | ||
| 008 | 090401t1989 xxu||||| |||| 00| 0 eng d | ||
| 035 | _a(Sirsi) u33368 | ||
| 041 | _aeng | ||
| 100 | _aTravers, I. | ||
| 245 | _aLegionnaires` Disease: the liability of occupiers and landlords | ||
| 260 | _c1989 | ||
| 350 | _a0 | ||
| 490 |
_aProperty Management _v7(4) Autumn 1989, 319-323(5) |
||
| 520 | _aThis paper examines the areas of law which might assist those wishing to claim damages against either a landlord or an occupier of premises for an outbreak of Legionnaires disease . Refers to the Defective Premises Act 1972 , Occupiers Liability Act 1957 and Public Health Act 1936 . | ||
| 650 | _aBUILT ENVIRONMENT-BUILDING ELEMENTS-COMPLETE BUILDING SERVICES ELEMENTS-COMPLETE HEATING, VENTILATION AND AIR CONDITIONING SYSTEMS | ||
| 650 | _aLIABILITY | ||
| 650 | _aNEGLIGENCE | ||
| 650 | _aSICK BUILDINGS | ||
| 650 | _aVENTILATION | ||
| 690 | _aPROPERTY LAW AND PRACTICE | ||
| 942 | _n0 | ||
| 948 | _c04/03/1997 | ||
| 999 |
_c22298 _d22298 |
||